000 00645nam a2200217Ia 4500
999 _c41087
_d41087
001 7737
003 GE_BSU
005 20221114145617.0
008 181216s2011en xx |||||||||||||| ||eng||
020 _a9780763758288x
040 _cGE_BSU
041 _aeng
080 _a621319.24 H-37
100 _aHauck, john
_914720
245 _aElectrical Design:of commercial and industrial building /
_cjohn Hauck
260 _aUsa :
_bSudburry-Massachusetts,
_c2011.
300 _a164 p. :
_bCD
_c28 cm.
653 _aElectricalDesign:of commercial and industrial building
653 _aელექტროდიზაინი
942 _cBK
_2udc